Fotoğraflarla dünden bugüne Kudüs = (Record no. 200453278)

MARC details
000 -LEADER
fixed length control field 02133cam a2200481 i 4500
001 - CONTROL NUMBER
control field 200453278
003 - CONTROL NUMBER IDENTIFIER
control field TR-AnTOB
005 - DATE AND TIME OF LATEST TRANSACTION
control field 20250730161107.0
007 - PHYSICAL DESCRIPTION FIXED FIELD--GENERAL INFORMATION
fixed length control field ta
008 - FIXED-LENGTH DATA ELEMENTS--GENERAL INFORMATION
fixed length control field 230607s2015 tu a 000 0 mul d
010 ## - LIBRARY OF CONGRESS CONTROL NUMBER
LC control number 2016353351
020 ## - INTERNATIONAL STANDARD BOOK NUMBER
International Standard Book Number 9789290632818
Qualifying information (hardback)
International Standard Book Number 929063281X
Qualifying information (hardback)
035 ## - SYSTEM CONTROL NUMBER
System control number .b103272318
System control number (OCoLC)933785195
040 ## - CATALOGING SOURCE
Original cataloging agency PUL
Language of cataloging eng
Description conventions rda
Transcribing agency PUL
Modifying agency DLC
-- OCLCF
-- OCLCO
-- OCLCQ
-- CUY
-- OSU
-- UtOrBLW
-- TR-AnTOB
041 0# - LANGUAGE CODE
Language code of text/sound track or separate title Türkçe
-- İngilizce
-- Arapça
042 ## - AUTHENTICATION CODE
Authentication code pcc
-- lcode
043 ## - GEOGRAPHIC AREA CODE
Geographic area code a-is---
050 00 - LIBRARY OF CONGRESS CALL NUMBER
Classification number DS109.2
Item number .F68 2015
090 ## - LOCALLY ASSIGNED LC-TYPE CALL NUMBER (OCLC); LOCAL CALL NUMBER (RLIN)
Classification number (OCLC) (R) ; Classification number, CALL (RLIN) (NR) DS109.2
Local cutter number (OCLC) ; Book number/undivided call number, CALL (RLIN) .F68 2015
245 00 - TITLE STATEMENT
Title Fotoğraflarla dünden bugüne Kudüs =
Remainder of title Jerusalem in photographs from past to present = al-Quds min khilāl al-ṣūr fī al-māḍī wa-al-ḥāḍir
246 31 - VARYING FORM OF TITLE
Title proper/short title Jerusalem in photographs from past to present
Title proper/short title Quds min khilāl al-ṣūr fī al-māḍī wa-al-ḥāḍir
Title proper/short title Al-Quds min khilāl al-ṣūr fī al-māḍī wa-al-ḥāḍir
264 #1 - PRODUCTION, PUBLICATION, DISTRIBUTION, MANUFACTURE, AND COPYRIGHT NOTICE
Place of production, publication, distribution, manufacture Beșiktaș, İstanbul :
Name of producer, publisher, distributor, manufacturer IRCICA,
Date of production, publication, distribution, manufacture, or copyright notice 2015.
300 ## - PHYSICAL DESCRIPTION
Extent 223 pages, 11 pages :
Other physical details illustrations ;
Dimensions 30 cm
336 ## - CONTENT TYPE
Content type term text
Content type code txt
Source rdacontent
337 ## - MEDIA TYPE
Media type term unmediated
Media type code n
Source rdamedia
338 ## - CARRIER TYPE
Carrier type term volume
Carrier type code nc
Source rdacarrier
490 0# - SERIES STATEMENT
Series statement Tarihî fotoğraf albümleri serisi ;
Volume/sequential designation no. 9 =
Series statement Series of historical photographs albums ;
Volume/sequential designation 9
546 ## - LANGUAGE NOTE
Language note In Turkish, English and Arabic
651 #7 - SUBJECT ADDED ENTRY--GEOGRAPHIC NAME
Geographic name Kudüs
Form subdivision Resimli çalışmalar
9 (RLIN) 142174
655 #7 - INDEX TERM--GENRE/FORM
Genre/form data or focus term Illustrated works
Source of term lcgft
9 (RLIN) 148083
710 2# - ADDED ENTRY--CORPORATE NAME
Corporate name or jurisdiction name as entry element Research Centre for Islamic History, Art, and Culture
Relator term issuing body.
Authority record control number or standard number http://id.loc.gov/authorities/names/n82247278
9 (RLIN) 114326
730 02 - ADDED ENTRY--UNIFORM TITLE
Relationship information Container of (work):
Uniform title Fotoğraflarla dünden bugüne Kudüs
Relationship information Container of (expression):
Uniform title Fotoğraflarla dünden bugüne Kudüs.
Language of a work English
Relationship information Container of (expression):
Uniform title Fotoğraflarla dünden bugüne Kudüs.
Language of a work Arabic
880 00 - ALTERNATE GRAPHIC REPRESENTATION
Linkage 245-01/(3/r
a القدس من خلال الصور في الماضي والحاضر
Linkage 246-02/(3/r
a قدس من خلال الصور في الماضي والحاضر
942 ## - ADDED ENTRY ELEMENTS (KOHA)
Source of classification or shelving scheme Library of Congress Classification
Koha item type Book
Holdings
Withdrawn status Lost status Source of classification or shelving scheme Not for loan Collection code Home library Current library Shelving location Date acquired Source of acquisition Inventory number Total Checkouts Full call number Barcode Date last seen Date shelved Koha item type Public note
    Library of Congress Classification Ödünç Verilebilir / Available Genel Koleksiyon Merkez Kütüphane Merkez Kütüphane Genel Koleksiyon / Main Collection 12/05/2023 TOBB Bağış / TOBB Donation TAR   DS109.2 .F68 2015 0067919 07/06/2023 07/06/2023 Book Donated by TOBB
Devinim Yazılım Eğitim Danışmanlık tarafından Koha'nın orjinal sürümü uyarlanarak geliştirilip kurulmuştur.